|
|
|
|
| LEADER |
01076naa#a2200373#ar4500 |
| 001 |
000088721 |
| 003 |
SVKKK |
| 005 |
20100713140903.0 |
| 008 |
080403s2008 xo #|0||||||||0|||b|slo |
| FMT |
|
|
|
| 015 |
|
|
|a SNBRA2010/07
|
| 038 |
|
|
|a SVKKK
|
| 040 |
|
|
|a SVKKK
|b slo
|e AACR2
|
| 041 |
0 |
|
|a slo
|b eng
|
| 044 |
|
|
|a xo
|c SK
|
| 080 |
|
|
|a 316.356.4
|x (=214.58)
|2 1997
|
| 080 |
|
|
|a 37
|2 1997
|
| 090 |
|
|
|a IV.205116
|
| 100 |
1 |
|
|a Loran, Tibor
|4 aut
|
| 245 |
1 |
0 |
|a Ľudský kapitál u marginalizovaných Rómov z aspektu edukácie a potrieb znalostného trhu práce
|c Tibor Loran
|
| 504 |
|
|
|a Bibliogr. odkazy
|
| 546 |
|
|
|a Res. angl.
|
| 650 |
0 |
4 |
|a edukácia
|x rómski žiaci
|x andragogika
|
| 651 |
|
4 |
|a Slovensko
|
| 655 |
# |
4 |
|a romiká
|
| 773 |
0 |
|
|t Národnostné a etnické menšiny na Slovensku - 2007 - Nemzeti és etnikai kisebbségek Szlovákiában
|d Šamorín : Fórum inštitút pre výskum menšín, 2008
|g S. 7-95
|z 9788089249244
|
| 958 |
|
|
|a RQ
|
| 958 |
|
|
|a NB
|
| 974 |
|
|
|a Fav
|
| 992 |
|
|
|a RZB
|
| BAS |
|
|
|
| 852 |
|
|
|a SVKKK
|b BIB
|
| EXP |
|
|
|
| 998 |
|
|
|a ROM
|